| 000 | 01331cam a22001934a 4500 | ||
|---|---|---|---|
| 005 | 20250605164208.0 | ||
| 008 | 250528s ||||||||||||||||||||||||d | ||
| 035 | _a20129 | ||
| 020 | _a9600108250 | ||
| 040 |
_aGR-AtMCL _bgre _dGR-AtMCL _eAACR2 |
||
| 245 | 1 | _aNon-Official Higher Education in the European Union | |
| 260 |
_bLibrary of Social Science and Social Policy, _c1999 |
||
| 300 | _a400 | ||
| 520 | _aA survey conducted in 1997, with the moral and financial support of DG XXII of the European Commission, by nine Research Centers in their respective countries. Panteion University of Social and Political Sciences Department of Social Policy and Social Anthropology Centre for Social Morphology and Social Policy (KEKMOKOP). Foreword, Non-Official Higher Education in the EU, Non-Official Higher Education in Austria, Non-Formal Higher Education in France, Non-Official Higher Education in Greece, Non-Official Higher Education in the Republic of Ireland, Non-Official Higher Education: The Italian Report, Non-Official University Education in The Netherlands, Non-Official University Education in Norway, Non-Official Higher Education in the European Union: Spain, Non-Official Higher Education in the United Kingdom. | ||
| 700 | 1 |
_aKokosalakis Nikos _96181 |
|
| 942 | _cBK | ||
| 999 |
_c5268 _d5268 |
||